| 000 | 00691cam a2200229 a 4500 | ||
|---|---|---|---|
| 001 | 3370269 | ||
| 005 | 20180123035111.0 | ||
| 008 | 870723s1988 ilu b 001 0 eng | ||
| 010 | _a 87072026 | ||
| 020 | _a0870949551 | ||
| 040 |
_aDLC _cDLC _dDLC |
||
| 041 | _aeng | ||
| 080 | _a658.400285 ROC | ||
| 082 | 0 | 0 |
_a658.400285 ROC _219 |
| 100 | 1 | _a53 | |
| 101 | _aMEN | ||
| 245 | 1 | 0 |
_aExecutive support systems : _cby John F. Rockart and David W. De Long. |
| 504 | _aBibliography: p. 260-271. | ||
| 906 |
_a7 _bcbc _corignew _d2 _eopcn _f19 _gy-gencatlg |
||
| 942 |
_2ddc _cBK |
||
| 999 |
_c40719 _d40719 |
||